El plan de todos los sanluiseños
Guardat en:
| Format: | Llibre |
|---|---|
| Idioma: | espanyol |
| Publicat: |
San Luis
Gobierno de la Provincia de San Luis
1999
|
| Matèries: | |
| Etiquetes: |
Afegir etiqueta
Sense etiquetes, Sigues el primer a etiquetar aquest registre!
|
MARC
| LEADER | 00000nam a2200000 a 4500 | ||
|---|---|---|---|
| 001 | UCH3407 | ||
| 003 | CL-VaPUC | ||
| 008 | 090723e19990800AG |||||||||||||||||spa|d | ||
| 082 | 0 | 4 | |a 307.14 |b PLA |2 21 |
| 245 | 1 | 3 | |a El plan de todos los sanluiseños |
| 300 | |a 448 p | ||
| 942 | |c BK | ||
| 945 | |d 20090723 00:00:00 |a dcastane | ||
| 260 | |a San Luis |b Gobierno de la Provincia de San Luis |c 1999 | ||
| 650 | 0 | |a Desarrollo comunitario |9 310436 | |
| 650 | 0 | |a Desarrollo regional |9 354599 | |
| 650 | 0 | |a Desarrollo económico |9 259599 | |
| 650 | 0 | |a Cambio social |9 256857 | |
| 651 | 0 | |a Argentina |9 254888 | |
| 651 | 7 | |a PROVINCIA DE SAN LUIS |2 CL-VaPUC |9 538746 | |
| 583 | |a last modification |c 20090723 00:00:00 |k Rodrigo Vera | ||
| 999 | |c 334976 |d 334974 | ||
| 952 | |0 0 |1 0 |4 0 |6 307_140000000000000_PLA_1999 |7 0 |8 X |9 424422 |a FDOBUD |b FDOBUD |d 2019-11-22 |i 457835K |o 307.14 PLA 1999 |p 457835K |r 2019-11-22 |w 2019-11-22 |y BK_X |k BUD | ||